Recyklácia elektroodpadu a získavanie druhotných surovín v podmienkach SR diplomová práca

Salvato in:
Dettagli Bibliografici
Autore principale: Tábiová, Dagmara
Ente Autore: Obchodná fakulta EU. Katedra tovaroznalectva a kvality tovaru
Altri autori: Jurkovičová, Lujza
Natura: Libro
Lingua:slovacco
Pubblicazione: Bratislava 2011
Tags: Aggiungi Tag
Nessun Tag, puoi essere il primo ad aggiungerne!!

MARC

LEADER 00000nbm a2200000 4500
001 0131866
005 20161109101738.3
041 0 |a slo 
044 |a SK 
245 1 0 |a Recyklácia elektroodpadu a získavanie druhotných surovín v podmienkach SR  |b diplomová práca  |c Dagmara Tábiová ; školiteľ: Lujza Jurkovičová 
264 1 |a Bratislava  |c 2011 
300 |a 69 s. 
100 1 |a Tábiová, Dagmara 
700 1 |a Jurkovičová, Lujza 
710 2 |a Obchodná fakulta EU. Katedra tovaroznalectva a kvality tovaru